000 00819nam a22002537a 4500
001 BD-DhSAU 1458
003 BD-DhSAU
005 20150115125621.0
008 150115s2008 uk a||||r|||| 001 0 eng d
020 _a9781405131148
040 _aBD-DhSAU
082 _222
_a632.7
_bSPE
100 _aSpeight, Martin R.
245 _aEcology of insects :
_bconcepts and applications /
_cMartin R. Speight; Mark D. Hunter; Allan D. Watt
260 _aOxford :
_bWiley-Blackwell,
_c2008.
300 _aix, 628 p. :
_bill. ;
_c25 cm.
504 _aIncludes bibliographical references and index.
590 _aerfat
650 _aInsects
_vEcology.
650 _aNATURE
_v Animals
_xInsects & Spiders.
650 _aSCIENCE -- Life Sciences -- Zoology -- Entomology.
700 _aHunter, Mark D.
700 _aWatt, Allan D.
942 _2ddc
_cBOOK
999 _c1458
_d1458